| 000 | 01163nam a2200301 u 4500 | ||
|---|---|---|---|
| 001 | 000054311 | ||
| 005 | 20200120222826.0 | ||
| 008 | 130522s2005 ag a gr 000 0 spa d | ||
| 020 | _a9507017801. | ||
| 041 | 0 | _a/spa | |
| 082 | 0 | 4 |
_a649.58 _bR21 _221 |
| 100 | 1 |
_aRead MacDonald, Margaret. _d1949-. |
|
| 245 | 1 | 0 |
_aCuentos que van y vienen : _bcómo inventar nuevos y narrar los favoritos de siempre / _cMargaret Read MacDonald ; traducción de Paula Martín ; ilustraciones Melinda Canele ; editora Alina Baruj. |
| 250 |
_a1a. ed. _b1a. reimpr. |
||
| 260 |
_aBuenos Aires : _bAique, _c2005. |
||
| 300 |
_a159 p. : _bil. |
||
| 490 | 0 | _aAique | |
| 500 | _aEj.1 de Mosquera donado por la Biblioteca Nacional - PNLB 2012. | ||
| 500 | _aTítulo original : The parent's guide to storytelling. How to make up new stories an retell old favorites. | ||
| 504 | _aIncluye bibliografía. | ||
| 650 | 1 | 4 | _aNarración de cuentos. |
| 650 | 2 | 4 | _aEducación de niños. |
| 650 | 2 | 4 |
_aCuentos _vColecciones. |
| 650 | 2 | 4 | _aPromoción de la lectura. |
| 700 | 1 |
_aMartín, Paula, _etraductor. |
|
| 700 | 1 |
_aCanele, Melinda, _eilustrador. |
|
| 700 | 1 |
_aBaruj, Alina, _eeditor. |
|
| 999 |
_c3909 _d3909 |
||